[Event "HUN-chT2 Breyer 0809"]
[Site "Hungary"]
[Date "2008.11.30"]
[Round "3"]
[White "Gombi, Mihaly"]
[Black "Varga, Karoly"]
[Result "1/2-1/2"]
[WhiteElo "2075"]
[BlackElo "2030"]
[PlyCount "94"]
[EventDate "2008.10.26"]
[EventType "team-tourn"]
[EventRounds "11"]
[EventCountry "HUN"]
[SourceTitle "EXT 2010"]
[Source "ChessBase"]
[SourceDate "2010.11.25"]
[SourceVersion "1"]
[SourceVersionDate "2010.11.25"]
[SourceQuality "1"]
[WhiteTeam "Vizugy"]
[BlackTeam "Dunaharaszti II"]
[WhiteTeamCountry "HUN"]
[BlackTeamCountry "HUN"]

1. d4 g6 2. Nf3 Bg7 3. Bf4 d6 4. c3 Nd7 5. e3 e5 6. Bg3 Ne7 7. Be2 0-0 8. Bh4 Qe8 9. Bxe7 Qxe7 10. 0-0 b6 11. Re1 e4 12. Nfd2 f5 13. f4 g5 14. g3 gxf4 15. gxf4 Kh8 16. Kh1 Nf6 17. Rg1 Rg8 18. Nf1 Be6 19. Nbd2 Nd5 20. Qe1 Bf6 21. Qf2 Rxg1+ 22. Kxg1 Rg8+ 23. Kh1 c5 24. dxc5 dxc5 25. Bc4 Rg6 26. a3 Qd7 27. Ng3 b5 28. Bxd5 Bxd5 29. Nh5 Be7 30. Rg1 Bf7 31. Ng3 a5 32. Rc1 c4 33. Ndf1 b4 34. axb4 axb4 35. Rc2 bxc3 36. Rxc3 Rd6 37. Rc2 Bf6 38. Qe2 Rd1 39. Kg2 Rb1 40. Nd2 Rxb2 41. Rxb2 Bxb2 42. Nxc4 Bc3 43. Ne5 Bxe5 44. fxe5 Qe6 45. Qf2 Bg6 46. Qf4 Kg7 47. h4 h5 1/2-1/2

[Event "HUN-chT2 Maroczy 0607"]
[Site "Hungary"]
[Date "2007.05.20"]
[Round "11"]
[White "Gombi, Mihaly"]
[Black "Szurovszky, Elek"]
[Result "1-0"]
[WhiteElo "2081"]
[BlackElo "2163"]
[PlyCount "85"]
[EventDate "2006.11.12"]
[EventType "team"]
[EventRounds "11"]
[EventCountry "HUN"]
[SourceTitle "EXT 2008"]
[Source "ChessBase"]
[SourceDate "2007.11.25"]
[SourceVersion "1"]
[SourceVersionDate "2007.11.25"]
[SourceQuality "1"]
[WhiteTeam "Vizugy"]
[BlackTeam "Miskolc EMSE"]
[WhiteTeamCountry "HUN"]
[BlackTeamCountry "HUN"]

1. d4 Nf6 2. Nf3 e6 3. Bf4 Be7 4. c3 Nh5 5. Bg3 Nxg3 6. hxg3 d5 7. e3 Nd7 8. Bd3 h6 9. Nbd2 f5 10. Ne5 Nxe5 11. dxe5 0-0 12. f4 c5 13. Nf3 c4 14. Be2 b5 15. a3 a5 16. Nd4 Qb6 17. g4 fxg4 18. Bxg4 Bd7 19. Qc2 Bc5 20. Rxh6 Rf5 21. Rh3 Bxd4 22. cxd4 b4 23. Bxf5 exf5 24. axb4 Qxb4+ 25. Qc3 Qxc3+ 26. bxc3 a4 27. Kd2 Rb8 28. Ra2 Rb3 29. Rh1 Kf7 30. Rha1 Rb8 31. Kc2 Rh8 32. Rb2 Rh2 33. Rg1 g5 34. Rb7 Ke8 35. fxg5 Rh5 36. Ra7 Rxg5 37. Rh1 Rxg2+ 38. Kb1 f4 39. Rh8+ Ke7 40. exf4 Ke6 41. Rh6+ Kf5 42. Rxd7 Ke4 43. Rh3 1-0

[Event "HUN-chT2 Maroczy 0607"]
[Site "Hungary"]
[Date "2007.03.04"]
[Round "6"]
[White "Gombi, Mihaly"]
[Black "Biro, David"]
[Result "1/2-1/2"]
[WhiteElo "2107"]
[BlackElo "2198"]
[PlyCount "81"]
[EventDate "2006.11.12"]
[EventType "team"]
[EventRounds "11"]
[EventCountry "HUN"]
[SourceTitle "EXT 2008"]
[Source "ChessBase"]
[SourceDate "2007.11.25"]
[SourceVersion "1"]
[SourceVersionDate "2007.11.25"]
[SourceQuality "1"]
[WhiteTeam "Vizugy"]
[BlackTeam "Husi"]
[WhiteTeamCountry "HUN"]
[BlackTeamCountry "HUN"]

1. d4 Nf6 2. Nf3 g6 3. Bf4 Bg7 4. c3 0-0 5. Nbd2 d6 6. e3 Nbd7 7. Bc4 d5 8. Bb3 b6 9. Ne5 Bb7 10. Nxd7 Nxd7 11. Bg3 e5 12. dxe5 Nxe5 13. Nf3 Re8 14. Nxe5 Bxe5 15. 0-0 c5 16. Qg4 h5 17. Qf3 Qd7 18. Qd1 Bxg3 19. hxg3 Rad8 20. Re1 Qd6 21. Qd2 Qf6 22. Rad1 h4 23. gxh4 Qxh4 24. f3 Kg7 25. Qf2 Qh5 26. Qg3 Rh8 27. Kf2 Qf5 28. Re2 Rhe8 29. Bc2 Qf6 30. Rde1 d4 31. exd4 Rxe2+ 32. Rxe2 cxd4 33. Rd2 Ba6 34. Be4 dxc3 35. Rxd8 Qxd8 36. Qe5+ Qf6 37. Qxf6+ Kxf6 38. bxc3 Ke5 39. Ke3 g5 40. g3 Bc4 41. a3 1/2-1/2

[Event "HUN-chT2 Maroczy 0607"]
[Site "Hungary"]
[Date "2007.02.18"]
[Round "5"]
[White "Gombi, Mihaly"]
[Black "Suto, Gabor"]
[Result "1/2-1/2"]
[WhiteElo "2107"]
[BlackElo "2287"]
[PlyCount "53"]
[EventDate "2006.11.12"]
[EventType "team"]
[EventRounds "11"]
[EventCountry "HUN"]
[SourceTitle "EXT 2008"]
[Source "ChessBase"]
[SourceDate "2007.11.25"]
[SourceVersion "1"]
[SourceVersionDate "2007.11.25"]
[SourceQuality "1"]
[WhiteTeam "Vizugy"]
[BlackTeam "Sarospatak"]
[WhiteTeamCountry "HUN"]
[BlackTeamCountry "HUN"]

1. d4 Nf6 2. Nf3 e6 3. Bf4 c5 4. e3 Nc6 5. c3 d5 6. Nbd2 Bd6 7. Bg3 Bxg3 8. hxg3 c4 9. Be2 b5 10. a3 Bb7 11. Ng5 h6 12. f4 Ke7 13. Nh3 a5 14. Bf3 Qc7 15. Nf2 Rab8 16. Ng4 Nxg4 17. Bxg4 b4 18. axb4 axb4 19. Kf2 Ra8 20. Bf3 Rxa1 21. Qxa1 Ra8 22. Qb1 Qa5 23. e4 Nd8 24. exd5 Bxd5 25. Bxd5 Qxd5 26. Re1 Nc6 27. Re2 1/2-1/2